000 00898nam a2200289 i 4500
003 EG-GICUC
005 20260204134602.0
008 260204s1908 uk ||||fr ||| 00| 0 eng d
040 _aEG-GICUC
_cEG-GICUC
_dEG-GICUC
_erda
_beng
082 0 4 _221
_a341.84
_bDI . D
092 0 4 _221
099 _aLaw1 12 341.84 DI . D 1908
100 1 _aA.V.Dicey
_eAuthor.
245 _aA Digest Of The Law Of England With The Reference To The Conflict Of Law /
_cA.V.Dicey .
250 _a2 ed
264 0 _aLondon :
_bStevens And Sons ,
_c1908 .
300 _a883 Pages;
_c30 cm.
336 _atext
_2rda content
337 _aComputer
_2rda media
338 _aOnline Resource
_2rda carrier
546 _aText in English
650 0 4 _aPrivate international law
650 0 4 _aConflict Of Laws
856 _uhttps://fll.law.cu.edu.eg/fulltext/th/B12-02209.pdf
905 _a59
942 _2ddc
_cBK
_e21
_n0
999 _c60933
_d60933